| 000 | 01905nam a22002177a 4500 | ||
|---|---|---|---|
| 005 | 20250106141745.0 | ||
| 008 | 250106b ||||| |||| 00| 0 eng d | ||
| 020 | _a9788119300877 | ||
| 040 | _cAL | ||
| 041 | _aeng | ||
| 082 |
_223 _a920.9338 _bSINI |
||
| 100 |
_aVijayapat Singhania _9192264 |
||
| 245 | _aIncomplete Life: The Autobiography | ||
| 260 |
_aNew Delhi _bPAN _c2024 |
||
| 300 |
_ax,212p. _bPB _c20x18cm. |
||
| 365 |
_2Physics _aXIA4-155580 _b322.04 _c₹ _d332.00 _e3% _f17-12-02024 |
||
| 521 | _a‘If only I knew then what I know now, my life would be completely different.’In February 2015, an unforeseen setback cost Vijaypat Singhania, the erstwhile Chairman Emeritus of Raymond Group, the work of his life and his cherished family home. One of India’s most legendary industrialists, today he is fighting a battle to recover all that he has lost. In his first and only autobiography, he traces his extraordinary life from an anguished childhood to the many dynamic decades he spent at Raymond and the tumultuous years after. Born into the famed Singhania family, Vijaypat was always expected to take up the storied family business. But not one to be deterred from pursuing his own passions, he also nurtured his love for adventure in the skies and broke two world records as an aviator, served a brief stint as a professor and even became the sheriff of Mumbai for a time. All the while, under his stewardship, the Raymond Group diversified into new segments, with Raymond soon being recognized as one of India’s most trusted apparel brands. And then a singular misstep set in motion a grave misfortune … Intimate, candid and deeply moving, An Incomplete Life is in fact a rare glimpse into a life lived to the fullest but marked by the painful sting of regret and heartbreaks. | ||
| 650 |
_aAutobiography _9192261 |
||
| 700 |
_aSINGHANIA (Vijaypat) _9192262 |
||
| 942 |
_2ddc _cBK |
||
| 999 |
_c233514 _d233514 |
||